| 000 | 00968nam a22002897a 4500 | ||
|---|---|---|---|
| 005 | 20220329142719.0 | ||
| 008 | 021202d2002 mx r 00110 spa d | ||
| 010 | _a86727 | ||
| 011 | _a87699 | ||
| 035 | _a98243 | ||
| 090 | _aFolleto 7348 | ||
| 100 | 0 | 0 |
_aAleman Suarez, Jorge Dario. _93793 |
| 245 | 1 | 0 |
_aMétodos activos _c/comp. por Rafael Lorenzo Ortiz y Jorge Darío Alemán Suárez |
| 260 |
_aChapingo, Méx. : _bUACH. Dirección General Academica, _c(1995) |
||
| 300 |
_a72 h. : _bcuadros |
||
| 590 |
_aBATCH-UPD _b10 _c20130110 _lUCH01 _h0635 |
||
| 590 |
_aBATCH-UPD _b10 _c20130110 _lUCH01 _h2328 |
||
| 590 |
_aBATCH-UPD _b10 _c20130410 _lUCH01 _h0319 |
||
| 590 |
_aBATCH-UPD _b10 _c20130914 _lUCH01 _h1733 |
||
| 590 |
_aCONVERSION _b10 _c20130109 _lUCH01 _h1348 |
||
| 650 | 1 | 4 |
_aEducación activa. _935490 |
| 650 | 1 | 4 |
_aMétodos de estudio. _976629 |
| 700 | 0 | 0 |
_aLorenzo Ortiz, Rafael. _968545 |
| 901 | _aBK | ||
| 905 | _aMayto Villalobos S. | ||
| 911 | _aProceso | ||
| 999 |
_c86727 _d86727 |
||